| Поле | Инд. | ПП | Название | Значение |
|---|---|---|---|---|
| Тип записи | a | |||
| Библиографический уровень | b | |||
| 001 | Контрольный номер | UNIDUBNAbbae5f0b2e6d4a29aeff964b759d912a | ||
| 005 | Дата корректировки | 20250729140332.4 | ||
| 008 | Кодируемые данные | 20170331 | ||
| 040 | b | Код языка каталог. | rus | |
| e | Правила каталог. | PSBO | ||
| 041 | 0_ | a | Код языка текста | rus |
| 084 | a | Индекс другой классификации/Индекс ББК | 67.05 | |
| 100 | 1_ | a | Автор | Безруков А. В. |
| q | Полное имя | Безруков Андрей Викторович | ||
| 100 | 1_ | a | Автор | Тепляшин И. В. |
| q | Полное имя | Тепляшин Иван Владимирович | ||
| 245 | 10 | a | Заглавие | Показатели эффективности высшего юридического образования: деятельность профессорско-преподавательского состава |
| 520 | 0_ | a | Аннотация | В статье рассматриваются качественные характеристики современного состояния и развития высшего юридического образования сквозь призму профессиональной деятельности участников образовательного процесса. Выделяются основные подходы в части установления критериев и показателей профессиональной деятельности профессорско-преподавательского состава. Предлагаются перспективные направления модернизации показателей функционирования образовательной организации. Авторы подчеркивают, что прозрачность и объективность показателей функционирования юридических школ и научно-педагогических сотрудников способны выступить вектором модернизации высшего образования в целом |
| 650 | 14 | a | Основная рубрика | право |
| a | Основная рубрика | теория права | ||
| 653 | 0_ | a | Ключевые слова | высшее образование |
| a | Ключевые слова | гражданское общество | ||
| a | Ключевые слова | конституционный строй | ||
| a | Ключевые слова | критерии эффективности | ||
| a | Ключевые слова | образовательная деятельность | ||
| a | Ключевые слова | образовательная организация | ||
| a | Ключевые слова | правовая культура | ||
| a | Ключевые слова | правосознание (правовое сознание) | ||
| a | Ключевые слова | профессиональное образование | ||
| a | Ключевые слова | профессорско-преподавательский состав | ||
| a | Ключевые слова | юридические науки | ||
| a | Ключевые слова | юридическое образование | ||
| a | Ключевые слова | юристы | ||
| 773 | 08 | t | Заглавие источника | Российская юстиция |
| d | Дата издания источника | 2021 | ||
| g | Прочая информация | № 3. - С. 69 - 70 | ||
| w | Контрольный № источника | b885f12bde384f57bfa824b25e31dd75 | ||
| 901 | t | Тип документа | b |